[Event "Sueca op 1st"]
[Site "Sueca"]
[Date "2015.07.27"]
[Round "1"]
[White "Cebrian Flores, Juan Antonio"]
[Black "Gutierrez Posada, David"]
[Result "1-0"]
[WhiteElo "1991"]
[BlackElo "1391"]
[PlyCount "51"]
[EventDate "2015.07.27"]
[EventType "swiss"]
[EventRounds "8"]
[EventCountry "ESP"]
[SourceTitle "EXT 2016"]
[Source "ChessBase"]
[SourceDate "2015.10.08"]
[SourceVersion "1"]
[SourceVersionDate "2015.10.08"]
[SourceQuality "1"]

1. d4 Nf6 2. Nc3 d5 3. Bg5 e6 4. e4 Be7 5. e5 Nfd7 6. Bxe7 Qxe7 7. Qg4 0-0 8. Bd3 h6 9. f4 Qb4 10. 0-0-0 c5 11. h4 c4 12. Be2 Nc6 13. Qh5 Ne7 14. g4 Nb6 15. Rh3 Bd7 16. a3 Qa5 17. Rf1 Be8 18. g5 f5 19. Qf3 h5 20. g6 Bxg6 21. Rg3 Bf7 22. Nh3 g6 23. Qxh5 Kg7 24. Qg5 Rae8 25. h5 Na4 26. h6+ 1-0

[Event "Rutas de Cuenca op 2nd"]
[Site "Cuenca"]
[Date "2015.06.20"]
[Round "3"]
[White "Cebrian Flores, Juan Antonio"]
[Black "Martin Rodriguez, Emilio"]
[Result "1/2-1/2"]
[WhiteElo "2005"]
[BlackElo "2118"]
[PlyCount "122"]
[EventDate "2015.06.19"]
[EventType "swiss"]
[EventRounds "7"]
[EventCountry "ESP"]
[SourceTitle "EXT 2019"]
[Source "ChessBase"]
[SourceDate "2018.10.10"]
[SourceVersion "1"]
[SourceVersionDate "2018.10.10"]
[SourceQuality "1"]

1. d4 d5 2. c4 c6 3. Nf3 Nf6 4. e3 g6 5. Nc3 Bg7 6. Be2 0-0 7. 0-0 Bg4 8. cxd5 Nxd5 9. Qb3 b6 10. Rd1 a5 11. e4 Nxc3 12. bxc3 a4 13. Qc2 Qc7 14. Ba3 Rd8 15. h3 Bxf3 16. Bxf3 e5 17. d5 Nd7 18. Qd2 cxd5 19. exd5 Rac8 20. Rac1 Nc5 21. Be2 e4 22. Bb5 Nd3 23. d6 Rxd6 24. Bxd6 Qxd6 25. Qe3 Qa3 26. Bxd3 exd3 27. Rxd3 Qxa2 28. Rcd1 h5 29. Rd8+ Rxd8 30. Rxd8+ Kh7 31. Qxb6 Qa1+ 32. Kh2 Qxc3 33. Qa7 a3 34. Ra8 h4 35. Qxf7 Qe5+ 36. f4 Qe3 37. Re8 Qg3+ 38. Kg1 Qc3 39. f5 Qc1+ 40. Kh2 Qf4+ 41. Kg1 Qxf5 42. Qxf5 gxf5 43. Ra8 Bb2 44. Ra6 Kg7 45. Kf2 Kf7 46. Ke3 Bc1+ 47. Kd3 Ke7 48. Kc2 Bb2 49. Kb3 Kf7 50. Rh6 Bf6 51. Rh7+ Kg6 52. Rd7 Bb2 53. Ra7 Kg5 54. Ra4 Bc1 55. Kc2 Bb2 56. Kd1 Kh5 57. Ke2 Kg5 58. Kf3 Bc1 59. Ra8 Kf6 60. Ra4 Kg5 61. Ra6 Bb2 1/2-1/2

[Event "Xabia op 1st"]
[Site "Xabia"]
[Date "2015.04.26"]
[Round "6"]
[White "Hassomal Daswani, Birjkumar"]
[Black "Cebrian Flores, Juan Antonio"]
[Result "1-0"]
[WhiteElo "2079"]
[BlackElo "1981"]
[PlyCount "83"]
[EventDate "2015.04.24"]
[EventType "swiss"]
[EventRounds "7"]
[EventCountry "ESP"]
[SourceTitle "EXT 2019"]
[Source "ChessBase"]
[SourceDate "2018.10.10"]
[SourceVersion "1"]
[SourceVersionDate "2018.10.10"]
[SourceQuality "1"]

1. e4 g6 2. d4 Bg7 3. Nf3 d6 4. Nc3 a6 5. Be3 b5 6. a3 Nd7 7. Be2 Bb7 8. 0-0 Rc8 9. Nd2 c5 10. Nb3 b4 11. axb4 cxb4 12. Na2 a5 13. f3 Ngf6 14. Nac1 Ra8 15. Nd3 0-0 16. Nd2 Rc8 17. b3 Ba6 18. Re1 Qc7 19. Ra2 Bb5 20. Nf2 Bxe2 21. Qxe2 Ra8 22. Rea1 Rfc8 23. Nd3 Nb6 24. Qf2 Nfd7 25. Rc1 a4 26. Nxb4 Qc3 27. Nd3 axb3 28. Rxa8 Rxa8 29. Nxb3 Nc4 30. Qe1 Qxe1+ 31. Rxe1 Ra2 32. Nb4 Ra4 33. Nd5 Ra2 34. Re2 Kf8 35. Nc3 Ra3 36. Bf2 Nf6 37. Re1 Ra8 38. Ra1 Rxa1+ 39. Nxa1 Na3 40. Kf1 Bh6 41. Ke2 Bc1 42. Kd3 1-0

[Event "Xabia op 1st"]
[Site "Xabia"]
[Date "2015.04.25"]
[Round "5"]
[White "Cebrian Flores, Juan Antonio"]
[Black "Insa Alfonso, Pablo"]
[Result "1-0"]
[WhiteElo "1981"]
[BlackElo "2104"]
[PlyCount "81"]
[EventDate "2015.04.24"]
[EventType "swiss"]
[EventRounds "7"]
[EventCountry "ESP"]
[SourceTitle "EXT 2019"]
[Source "ChessBase"]
[SourceDate "2018.10.10"]
[SourceVersion "1"]
[SourceVersionDate "2018.10.10"]
[SourceQuality "1"]

1. d4 Nf6 2. c4 c5 3. d5 b5 4. f3 bxc4 5. e4 d6 6. a4 g6 7. Ne2 Bg7 8. Nec3 0-0 9. Na3 Nbd7 10. Bxc4 Rb8 11. 0-0 Ne5 12. Be2 Qb6 13. Nab5 a6 14. a5 Qb7 15. Na3 h5 16. f4 Neg4 17. h3 Nh6 18. Nc4 Rd8 19. Bf3 Nd7 20. g4 hxg4 21. hxg4 f5 22. exf5 gxf5 23. g5 Ng4 24. Bxg4 fxg4 25. Qd3 Rf8 26. Kg2 Rf7 27. Ne3 Bxc3 28. bxc3 Nf8 29. f5 e6 30. Nxg4 Rxf5 31. Nh6+ Kg7 32. Nxf5+ exf5 33. Bf4 Qb2+ 34. Kg3 Rb3 35. Rfc1 Nh7 36. Rab1 Qa2 37. Rxb3 Qxb3 38. Re1 Qa4 39. Qe3 Kf7 40. Qe7+ Kg6 41. Qxd6+ 1-0